| 000 | 00588nac a22001691u 4500 | ||
|---|---|---|---|
| 020 | _a8122414931 | ||
| 082 |
_a621.01 _bR1613 |
||
| 090 |
_c933 _d933 |
||
| 100 | _aRajadurai, J. | ||
| 245 |
_aThermodynamics and thermal engineering / _cJ. Rajadurai. |
||
| 260 |
_aNew Delhi : _bNew Age International _c2003. |
||
| 300 |
_a1060 p. : _bDiagram, _c24 cm. |
||
| 500 | _aIncludes index. | ||
| 650 | _aThermodynamics. | ||
| 942 |
_cBB _k621.01R1613 |
||
| 999 |
_c933 _d933 |
||